000 00291nam a22001337a 4500
003 SGT
082 _a746
_bCOO
100 _aCOOKLIN, GERNY
245 _aPATTERN GRADING FOR WOMENS CLOTHS
260 _aINDIA
_bWILLEY
_c2009
300 _a382
650 _a WOMEN'S CLOTHS
942 _2ddc
_cBK
999 _c9943
_d9943